| 000 | 01575nam a22003617a 4500 | ||
|---|---|---|---|
| 003 | CHAP | ||
| 005 | 20220329143436.0 | ||
| 008 | 090902s2008 mx a r 00010 spa d | ||
| 010 | _a96675 | ||
| 011 | _a97647 | ||
| 035 | _a108317 | ||
| 040 | _cCHAP | ||
| 082 | 0 | 4 |
_a633.7358 _bEs88 |
| 245 | 0 | 0 |
_aEstrategias de calidad en la producción de café _c/por Instituto Nacional para el Desarrollo de Capacidades del Sector Rural, Secretaría de Agricultura, Ganadería, Desarrollo Rural, Pesca y Alimentación |
| 260 |
_aMéxico, D.F. : _bINCA Rural, _c2008 |
||
| 300 |
_a35 p. : _bilus., cuadros, diagramas |
||
| 490 | 0 |
_aSerie cafeticultura: cuaderno del cafeticultor. _pCuaderno de capacitación _v; 4 |
|
| 590 |
_aBATCH-UPD _b10 _c20130110 _lUCH01 _h0854 |
||
| 590 |
_aBATCH-UPD _b10 _c20130410 _lUCH01 _h0526 |
||
| 590 |
_aBATCH-UPD _b10 _c20130914 _lUCH01 _h0812 |
||
| 590 |
_aCONVERSION _b10 _c20130109 _lUCH01 _h1353 |
||
| 650 | 1 | 4 |
_aCafé _xCalidad. _917114 |
| 650 | 1 | 4 |
_aCafé _xRendimiento. _917196 |
| 650 | 1 | 4 |
_aCalidad _xControl de la. _917484 |
| 650 | 1 | 4 |
_aCalidad _xControl de la _xNormas. _917486 |
| 650 | 1 | 4 |
_aCalidad _xNormas. _917489 |
| 710 | 0 |
_aMéxico. Secretaría de Agricultura, Ganadería, Desarrollo Rural, Pesca y Alimentación. _977148 |
|
| 710 | 2 | 0 |
_aInstituto Nacional para el Desarrollo de Capacidades del Sector Rural. México. _959403 |
| 830 | 0 |
_aSerie cafeticultura: cuaderno del cafeticultor. _pCuaderno de capacitación _v; 4 _9104640 |
|
| 901 | _aBK | ||
| 942 | _cLIBRO | ||
| 949 |
_a633.7358 Es88 _bBC _cLIBRO _d33724002136090 _eLIBRO _h111180 _i108317 _sb |
||
| 999 |
_c96675 _d96675 |
||